Statistiques concernant Capitales de l'Asie aléatoires sur une carte

Cliquez ici pour prendre le quiz!

Statistiques générales

  • Ce quiz a été pris 22 495 fois
  • Le résultat moyen est 7 sur 12

Réponses sur la Carte

Les réponses sont colorées sur une échelle allant du rouge au vert en fonction du pourcentage des utilisateurs qui les ont devinées à leur premier essai. Vous pouvez retrouver ces pourcentages ci-dessous.
 

Statistiques - réponses

Capitales% Correct
Pékin
97%
Tokyo
94%
Ankara
93%
New Delhi
92%
Séoul
92%
Jérusalem
82%
Pyongyang
76%
Jakarta
75%
Oulan-Bator
75%
Manille
73%
Téhéran
73%
Bangkok
70%
Riyad
70%
Singapour
70%
Abou Dabi
68%
Bagdad
68%
Beyrouth
68%
Doha
68%
Taipei
68%
Nicosie
67%
Islamabad
65%
Koweït
64%
Kaboul
62%
Damas
61%
Hanoï
61%
Katmandou
61%
Kuala Lumpur
60%
Astana
59%
Dacca
55%
Tbilissi
52%
Bakou
50%
Erevan
50%
Amman
49%
Sanaa
49%
Phnom Penh
47%
Malé
43%
Vientiane
42%
Mascate
41%
Manama
37%
Bichkek
36%
Sri Jayawardenepura Kotte
35%
Dili
32%
Tachkent
32%
Douchanbé
31%
Naypyidaw
31%
Thimphou
31%
Achgabat
27%
Bandar Seri Begawan
26%

Distribution des résultats

Percentile par nombre de réponses

% des personnes avec chaque résultat

Votre développement - résultats

Vous n’avez pas pris ce quiz